000 00239nam a2200097Ia 4500
005 20251222175817.0
008 251222s9999||||xx |||||||||||||| ||spa||
082 _aDVD0070/L36/2000
245 0 _aCadena de favores:Pay it Forward
942 _cDVD
999 _c40349
_d40349